000 00481nam a2200193Ia 4500
005 20260429112224.0
008 260429s9999||||xx |||||||||||||| ||und||
020 _a9788119662258
041 _aEnglish
082 _a579
_bSHA
100 _aSharma, Manoj Kumar
245 0 _aMicrobiology /
_cManoj Kumar Sharma
250 _a1st ed.
260 _aNew Delhi :
_bAne Books,
_c2024.
300 _axii, 228 p.; hb
650 _a Microbiology
650 _aBiology
942 _cTB
999 _c52973
_d52973